[Event "San Francisco TNM Summer op"]
[Site "San Francisco"]
[Date "2009.07.14"]
[Round "8"]
[White "Krasnov, Steven Lender"]
[Black "Livschitz, Jennifer"]
[Result "1-0"]
[WhiteElo "1940"]
[BlackElo "1676"]
[PlyCount "95"]
[EventDate "2009.05.26"]
[EventType "swiss"]
[EventRounds "8"]
[EventCountry "USA"]
[SourceTitle "EXT 2012"]
[Source "ChessBase"]
[SourceDate "2011.11.24"]
[SourceVersion "1"]
[SourceVersionDate "2011.11.24"]
[SourceQuality "1"]

1. c4 e5 2. Nc3 Nf6 3. Nf3 Nc6 4. g3 Bc5 5. Bg2 d6 6. d3 h6 7. a3 a5 8. 0-0 Be6 9. e3 e4 10. Nd4 Nxd4 11. exd4 Bxd4 12. Nxe4 0-0 13. Qc2 Nxe4 14. dxe4 c6 15. Rd1 Qb6 16. Qd2 Bc5 17. Qc2 f5 18. Bh3 Bxf2+ 19. Qxf2 Qxf2+ 20. Kxf2 fxe4+ 21. Kg2 Bxc4 22. Bf4 d5 23. Rac1 Rae8 24. Bd7 Rd8 25. Be6+ Kh7 26. h4 Kg6 27. Bg4 Kf6 28. Bc7 Rde8 29. Bxa5 Rf7 30. Bc3+ Kg6 31. Re1 e3 32. Bf3 Bd3 33. Bd4 e2 34. Rc3 Rxf3 35. Kxf3 Rf8+ 36. Ke3 Rf1 37. Rxe2 Bxe2 38. Kxe2 Rf7 39. a4 Re7+ 40. Re3 Rc7 41. b4 Kf5 42. Kf3 Rf7 43. g4+ Kg6+ 44. Kg3 Kh7 45. g5 hxg5 46. hxg5 Kg6 47. Kg4 Rf5 48. Re6+ 1-0

[Event "San Francisco TNM Summer op"]
[Site "San Francisco"]
[Date "2009.06.25"]
[Round "5"]
[White "Livschitz, Jennifer"]
[Black "Goodall, Michael"]
[Result "1/2-1/2"]
[WhiteElo "1676"]
[BlackElo "1800"]
[PlyCount "110"]
[EventDate "2009.05.26"]
[EventType "swiss"]
[EventRounds "8"]
[EventCountry "USA"]
[SourceTitle "EXT 2012"]
[Source "ChessBase"]
[SourceDate "2011.11.24"]
[SourceVersion "1"]
[SourceVersionDate "2011.11.24"]
[SourceQuality "1"]

1. e4 c5 2. Nf3 Nc6 3. d4 cxd4 4. Nxd4 g6 5. Nc3 Bg7 6. Be3 Nf6 7. Bc4 d6 8. f3 0-0 9. Qd2 a6 10. 0-0-0 Ne5 11. Bb3 b5 12. Bh6 Nc4 13. Qg5 Qb6 14. Bxg7 Kxg7 15. h4 h6 16. Qg3 Bd7 17. h5 Rac8 18. hxg6 fxg6 19. Qf2 e5 20. Ne6+ Bxe6 21. Qxb6 Nxb6 22. Bxe6 Rcd8 23. Rd2 Rfe8 24. Bb3 Re7 25. Rhd1 Ne8 26. a4 b4 27. Nd5 Nxd5 28. Bxd5 Kf6 29. Bc6 Ke6 30. Rh1 h5 31. Rhd1 Nf6 32. Rd3 Rc7 33. Bd5+ Nxd5 34. Rxd5 Rc6 35. R5d3 Rdc8 36. R1d2 Rd8 37. Rb3 Rb8 38. Rd5 Rc5 39. Rbd3 Rb6 40. Rxc5 dxc5 41. Rd5 Rc6 42. b3 c4 43. bxc4 Rxc4 44. Kb2 Rc6 45. Kb3 h4 46. Ra5 g5 47. Rd5 Rc3+ 48. Kb2 Rc6 49. Rd8 Rd6 50. Rxd6+ Kxd6 51. Ka2 Kc5 52. Kb3 a5 53. c3 bxc3 54. Kxc3 Kd6 55. Kc4 Kc6 1/2-1/2

[Event "San Francisco TNM Summer op"]
[Site "San Francisco"]
[Date "2009.06.16"]
[Round "4"]
[White "Farzaneh Far, Ramin"]
[Black "Livschitz, Jennifer"]
[Result "1-0"]
[WhiteElo "1921"]
[BlackElo "1676"]
[PlyCount "99"]
[EventDate "2009.05.26"]
[EventType "swiss"]
[EventRounds "8"]
[EventCountry "USA"]
[SourceTitle "EXT 2012"]
[Source "ChessBase"]
[SourceDate "2011.11.24"]
[SourceVersion "1"]
[SourceVersionDate "2011.11.24"]
[SourceQuality "1"]

1. d4 d5 2. Nf3 Nf6 3. c4 e6 4. g3 Be7 5. Bg2 0-0 6. 0-0 dxc4 7. Qc2 Nbd7 8. Qxc4 Nb6 9. Qc2 Bd7 10. Nc3 Bc6 11. Rd1 Nbd5 12. a3 Qd7 13. Ne5 Qe8 14. Nxc6 Qxc6 15. Qb3 Qb6 16. Qc4 Rad8 17. Na4 Qd6 18. Nc5 Qb6 19. e4 Nc3 20. bxc3 Bxc5 21. Bg5 Be7 22. e5 Nd5 23. Bxe7 Nxe7 24. Rab1 Qa6 25. Qxa6 bxa6 26. Rb7 Nd5 27. Bxd5 Rxd5 28. Rxc7 Rb5 29. Rxa7 Rc8 30. Rxa6 h6 31. Rc1 Rb3 32. c4 Rd3 33. c5 Rxd4 34. c6 Rd5 35. f4 g5 36. c7 Rd7 37. Rac6 Kg7 38. R6c4 Kg6 39. R1c2 Rd5 40. Kf2 Ra5 41. R2c3 Rd5 42. Ke3 Kf5 43. Rd3 Rxd3+ 44. Kxd3 Kg4 45. fxg5+ Kxg5 46. a4 Kf5 47. Kd4 h5 48. a5 Kg4 49. Kc5+ Kf5 50. Kd6 1-0

[Event "San Francisco TNM Spring op"]
[Site "San Francisco"]
[Date "2009.04.21"]
[Round "6"]
[White "Morgan, Jerry"]
[Black "Livschitz, Jennifer"]
[Result "0-1"]
[WhiteElo "1420"]
[BlackElo "1681"]
[PlyCount "80"]
[EventDate "2009.03.16"]
[EventType "swiss"]
[EventRounds "8"]
[EventCountry "USA"]
[SourceTitle "EXT 2012"]
[Source "ChessBase"]
[SourceDate "2011.11.24"]
[SourceVersion "1"]
[SourceVersionDate "2011.11.24"]
[SourceQuality "1"]

1. f4 d5 2. Nf3 Nc6 3. e3 Nf6 4. Bb5 Bf5 5. b3 e6 6. Bb2 a6 7. Bxc6+ bxc6 8. 0-0 c5 9. d3 Bd6 10. Ne5 0-0 11. Nd2 Bxe5 12. Bxe5 Ng4 13. Qe1 Nxe5 14. fxe5 Qg5 15. Nf3 Qh5 16. Qh4 Bg4 17. Qg3 Bxf3 18. Rxf3 a5 19. Qf4 f6 20. Raf1 Qxe5 21. Qxe5 fxe5 22. c4 Rxf3 23. Rxf3 Rf8 24. Kf2 Rxf3+ 25. gxf3 Kf7 26. Kg3 Kf6 27. Kg4 g6 28. e4 c6 29. Kh4 h6 30. Kg4 Ke7 31. a4 Kf6 32. h4 h5+ 33. Kg3 g5 34. Kh3 gxh4 35. Kxh4 Kg6 36. Kh3 Kg5 37. Kg3 h4+ 38. Kh3 d4 39. Kg2 Kf4 40. Kh3 Ke3 0-1

[Event "San Francisco TNM Spring op"]
[Site "San Francisco"]
[Date "2009.04.14"]
[Round "5"]
[White "Livschitz, Jennifer"]
[Black "Campers, William"]
[Result "0-1"]
[WhiteElo "1681"]
[BlackElo "1777"]
[PlyCount "100"]
[EventDate "2009.03.16"]
[EventType "swiss"]
[EventRounds "8"]
[EventCountry "USA"]
[SourceTitle "EXT 2012"]
[Source "ChessBase"]
[SourceDate "2011.11.24"]
[SourceVersion "1"]
[SourceVersionDate "2011.11.24"]
[SourceQuality "1"]

1. e4 e6 2. d4 d5 3. Nd2 Be7 4. Bd3 c5 5. c3 Nc6 6. Ne2 Bd7 7. Nf3 Nf6 8. e5 Ne4 9. Bxe4 dxe4 10. Nd2 cxd4 11. cxd4 Bb4 12. 0-0 0-0 13. Nxe4 Ne7 14. Bd2 Bxd2 15. Qxd2 Bc6 16. Nd6 Qb6 17. Rfd1 Rad8 18. Rac1 f6 19. Nf4 Bd7 20. Nc4 Qa6 21. b3 b5 22. exf6 Rxf6 23. Ne5 Bc8 24. Nh5 Rf5 25. Qe2 g6 26. Ng3 Rff8 27. Rc5 Rd5 28. Ne4 Bb7 29. Rxd5 Nxd5 30. Nc5 Nf4 31. Qd2 Qd6 32. g3 Nh3+ 33. Kf1 Rxf2+ 34. Qxf2 Nxf2 35. Kxf2 Qf8+ 36. Ke3 Bd5 37. Rd2 Qf1 38. Ncd7 a5 39. Nc5 Qa1 40. Ke2 a4 41. bxa4 bxa4 42. Nxa4 Bxa2 43. Nc5 Bd5 44. Ke3 Qg1+ 45. Kd3 Kg7 46. Kc3 Kf6 47. Kd3 Ke7 48. Kc3 Bg2 49. Kd3 Qxh2 50. Ne4 Bxe4+ 0-1

[Event "San Francisco TNM Winter op"]
[Site "San Francisco"]
[Date "2009.01.13"]
[Round "2"]
[White "Livschitz, Jennifer"]
[Black "Askin, Michael"]
[Result "0-1"]
[WhiteElo "1631"]
[BlackElo "1257"]
[PlyCount "60"]
[EventDate "2009.01.06"]
[EventType "swiss"]
[EventRounds "8"]
[EventCountry "USA"]
[SourceTitle "EXT 2012"]
[Source "ChessBase"]
[SourceDate "2011.11.24"]
[SourceVersion "1"]
[SourceVersionDate "2011.11.24"]
[SourceQuality "1"]

1. e4 c5 2. Nf3 d6 3. d4 cxd4 4. Nxd4 Nf6 5. Nc3 a6 6. Be3 e5 7. Nf3 Qc7 8. Be2 Be7 9. 0-0 h6 10. h3 Be6 11. Nd5 Bxd5 12. exd5 Nbd7 13. c4 0-0 14. Rc1 Rac8 15. Nh4 Qd8 16. Nf5 Re8 17. f3 Bf8 18. Qd2 e4 19. Kh1 Ne5 20. b3 Qd7 21. Ng3 exf3 22. Bxf3 b5 23. Be2 bxc4 24. bxc4 Qa4 25. Bxh6 Nxc4 26. Bxc4 Rxc4 27. Qg5 Rxc1 28. Rxc1 Re5 29. Nf5 Ne4 30. Qf4 Rxf5 0-1

[Event "San Francisco TNM Fall op"]
[Site "San Francisco"]
[Date "2008.12.02"]
[Round "8"]
[White "Livschitz, Jennifer"]
[Black "Sherwood, Peter"]
[Result "1-0"]
[WhiteElo "1637"]
[BlackElo "1732"]
[PlyCount "62"]
[EventDate "2008.10.14"]
[EventType "swiss"]
[EventRounds "10"]
[EventCountry "USA"]
[SourceTitle "EXT 2012"]
[Source "ChessBase"]
[SourceDate "2011.11.24"]
[SourceVersion "1"]
[SourceVersionDate "2011.11.24"]
[SourceQuality "1"]

1. e4 c5 2. Nf3 d6 3. d4 cxd4 4. Nxd4 Nf6 5. Nc3 a6 6. Be3 e5 7. Nb3 Be6 8. f3 Be7 9. Qd2 0-0 10. 0-0-0 Nc6 11. h4 b5 12. h5 b4 13. Nd5 Ne8 14. g4 a5 15. Bb5 Bxd5 16. exd5 Na7 17. Ba4 Nc7 18. g5 f5 19. g6 h6 20. Nxa5 Na6 21. Nc6 Nxc6 22. Bxc6 Rb8 23. Ba7 Bg5 24. Be3 Bxe3 25. Qxe3 Nc5 26. a4 b3 27. Bb5 bxc2 28. Kxc2 Qb6 29. Rhe1 Rfc8 30. Kb1 Nxa4 31. Qxb6 Rxb6 1-0

[Event "San Francisco Chernev Memorial"]
[Site "San Francisco"]
[Date "2008.08.20"]
[Round "3"]
[White "Grey, Peter G"]
[Black "Livschitz, Jennifer"]
[Result "1-0"]
[WhiteElo "2000"]
[BlackElo "1645"]
[PlyCount "93"]
[EventDate "2008.08.05"]
[EventType "swiss"]
[EventRounds "8"]
[EventCountry "USA"]
[SourceTitle "CBM 126 Extra"]
[Source "ChessBase"]
[SourceDate "2008.11.05"]
[SourceVersion "1"]
[SourceVersionDate "2008.11.05"]
[SourceQuality "1"]

1. e4 e5 2. Nf3 Nc6 3. Bb5 a6 4. Ba4 Nf6 5. 0-0 Be7 6. Re1 b5 7. Bb3 0-0 8. h3 d6 9. c3 Na5 10. Bc2 c5 11. d4 Qc7 12. Nbd2 Bd7 13. Nf1 Rfc8 14. Ne3 cxd4 15. cxd4 Nc4 16. Bd3 Nxe3 17. Bxe3 exd4 18. Nxd4 d5 19. exd5 Nxd5 20. Bxh7+ Kxh7 21. Qh5+ Kg8 22. Qxd5 Bb4 23. Rec1 Qd6 24. Qxd6 Bxd6 25. Rxc8+ Rxc8 26. Rc1 Be5 27. Rxc8+ Bxc8 28. Nc6 Bf6 29. b3 Kf8 30. Bc5+ Ke8 31. Bd4 Bxd4 32. Nxd4 g6 33. f3 Ke7 34. Kf2 Kd6 35. Ke3 Kd5 36. h4 f5 37. Ne2 Ke5 38. Nf4 Kf6 39. Kd4 Bd7 40. Nd5+ Kf7 41. b4 Be6 42. a3 f4 43. Nxf4 Bc4 44. Ke5 Bf1 45. g4 Kg7 46. g5 Kf7 47. Kd6 1-0

[Event "San Francisco TNM Summer op"]
[Site "San Francisco"]
[Date "2006.06.06"]
[Round "1"]
[White "Purcell, Brendan"]
[Black "Livschitz, Jennifer"]
[Result "1-0"]
[WhiteElo "1901"]
[BlackElo "1485"]
[PlyCount "129"]
[EventDate "2006.06.06"]
[EventType "swiss"]
[EventRounds "8"]
[EventCountry "USA"]
[SourceTitle "EXT 2007"]
[Source "ChessBase"]
[SourceDate "2006.11.23"]
[SourceVersion "1"]
[SourceVersionDate "2006.11.23"]
[SourceQuality "1"]

1. e4 e5 2. Nf3 Nc6 3. Bb5 a6 4. Ba4 Nf6 5. 0-0 Be7 6. Re1 b5 7. Bb3 0-0 8. h3 d6 9. c3 Na5 10. Bc2 c5 11. d4 Qc7 12. Nbd2 Bd7 13. Nf1 Rfc8 14. d5 b4 15. Ne3 bxc3 16. bxc3 Rab8 17. Qe2 c4 18. Ba3 Nb7 19. Nxe5 Bb5 20. N5g4 Qd7 21. Nf5 Nc5 22. Bxc5 Rxc5 23. a4 Bxa4 24. Bxa4 Qc7 25. Nxe7+ Qxe7 26. Nxf6+ Qxf6 27. Qf3 Qe5 28. Qg3 Qf6 29. e5 dxe5 30. Qxe5 Qxe5 31. Rxe5 Ra5 32. Rae1 f6 33. Re8+ Rxe8 34. Rxe8+ Kf7 35. d6 Rxa4 36. d7 Ra1+ 37. Kh2 Rd1 38. d8Q Rxd8 39. Rxd8 Ke6 40. Ra8 Ke5 41. Rxa6 Ke4 42. Ra7 Kd3 43. Rxg7 Kxc3 44. Rxh7 Kd2 45. Rc7 Ke2 46. Rxc4 Kxf2 47. Rf4+ Ke3 48. Rxf6 Ke4 49. h4 Ke5 50. Rf1 Ke4 51. h5 Ke3 52. h6 Ke2 53. Rf8 Ke3 54. h7 Ke4 55. h8R Ke5 56. Rh7 Ke6 57. Rf1 Ke5 58. Re7+ Kd4 59. Re2 Kd5 60. Rd1+ Kc4 61. Rc2+ Kb3 62. Rc7 Kb2 63. Rd8 Kb3 64. Rb8+ Ka4 65. Ra7# 1-0

[Event "San Francisco TNM Winter op"]
[Site "San Francisco"]
[Date "2006.01.17"]
[Round "2"]
[White "Livschitz, Jennifer"]
[Black "Wong, Russell"]
[Result "0-1"]
[WhiteElo "1315"]
[BlackElo "2200"]
[PlyCount "54"]
[EventDate "2006.01.10"]
[EventType "swiss"]
[EventRounds "7"]
[EventCountry "USA"]
[SourceTitle "EXT 2007"]
[Source "ChessBase"]
[SourceDate "2006.11.23"]
[SourceVersion "1"]
[SourceVersionDate "2006.11.23"]
[SourceQuality "1"]

1. e4 Nf6 2. e5 Nd5 3. d4 d6 4. Nf3 Bg4 5. Be2 Bxf3 6. Bxf3 dxe5 7. dxe5 c6 8. 0-0 e6 9. c4 Ne7 10. Qxd8+ Kxd8 11. b3 Ng6 12. Bb2 Nd7 13. Re1 Bb4 14. Re2 Ke7 15. a3 Ba5 16. Be4 Nf4 17. Re3 Bb6 18. Re1 Nc5 19. Bc2 Ncd3 20. Bxd3 Nxd3 21. Re2 Nxb2 22. Rxb2 Bd4 23. Rd2 Bxa1 24. f4 Rhd8 25. Rf2 Rd1+ 26. Rf1 Bd4+ 27. Kh1 Rxf1# 0-1

[Event "San Francisco MI Fall op"]
[Site "San Francisco"]
[Date "2005.12.20"]
[Round "8"]
[White "Livschitz, Jennifer"]
[Black "Mar, Henry"]
[Result "1-0"]
[WhiteElo "1230"]
[BlackElo "1565"]
[PlyCount "31"]
[EventDate "2005.11.08"]
[EventType "swiss"]
[EventRounds "8"]
[EventCountry "USA"]
[SourceTitle "EXT 2007"]
[Source "ChessBase"]
[SourceDate "2006.11.23"]
[SourceVersion "1"]
[SourceVersionDate "2006.11.23"]
[SourceQuality "1"]

1. e4 e6 2. d4 d5 3. Nd2 Nf6 4. e5 Nfd7 5. Bd3 c5 6. Ne2 cxd4 7. Nxd4 Nxe5 8. Bb5+ Bd7 9. Bxd7+ Nbxd7 10. Qh5 Ng6 11. 0-0 Qh4 12. Qxh4 Nxh4 13. Nb5 Rb8 14. Nb3 b6 15. Bg5 Nf5 16. Nc7# 1-0

[Event "San Francisco MI Fall op"]
[Site "San Francisco"]
[Date "2005.11.15"]
[Round "3"]
[White "Yamamoto, Craig"]
[Black "Livschitz, Jennifer"]
[Result "1/2-1/2"]
[WhiteElo "1577"]
[BlackElo "1230"]
[PlyCount "112"]
[EventDate "2005.11.08"]
[EventType "swiss"]
[EventRounds "8"]
[EventCountry "USA"]
[SourceTitle "EXT 2007"]
[Source "ChessBase"]
[SourceDate "2006.11.23"]
[SourceVersion "1"]
[SourceVersionDate "2006.11.23"]
[SourceQuality "1"]

1. e4 e5 2. Nf3 Nc6 3. Bc4 Nf6 4. Nc3 Bc5 5. 0-0 0-0 6. d3 h6 7. a3 d6 8. b4 Bb6 9. Na4 Bg4 10. Nxb6 axb6 11. h3 Bxf3 12. Qxf3 Nxb4 13. Bxh6 Nxc2 14. Qg3 Nh5 15. Qg4 Qf6 16. Bg5 Qg6 17. Ra2 Nd4 18. Be7 Qxg4 19. hxg4 Rfe8 20. Bxd6 cxd6 21. gxh5 b5 22. Bd5 Re7 23. f4 b4 24. axb4 Rxa2 25. Bxa2 Ne2+ 26. Kf2 Nxf4 27. Rd1 Nxh5 28. d4 Nf6 29. dxe5 Nxe4+ 30. Kf3 Rxe5 31. Rd4 Ng5+ 32. Kf2 Rf5+ 33. Kg3 Rf6 34. Rc4 Kf8 35. Rc8+ Ke7 36. Rc7+ Kd8 37. Rxb7 Ne6 38. Bxe6 Rxe6 39. Rxf7 Re4 40. Rf4 Rxf4 41. Kxf4 Kc7 42. Ke4 Kc6 43. Kd4 Kb5 44. Kd5 Kxb4 45. Kxd6 Kc4 46. Ke5 Kc5 47. Kf5 Kd6 48. Kg6 Ke6 49. g4 Ke5 50. Kg5 Ke6 51. Kg6 Ke5 52. Kg5 Ke6 53. Kg6 Ke5 54. g5 Kf4 55. Kh5 Kf5 56. g6 Kf6 1/2-1/2

[Event "San Francisco MI Fall op"]
[Site "San Francisco"]
[Date "2005.11.08"]
[Round "2"]
[White "Livschitz, Jennifer"]
[Black "Kastor, Mark"]
[Result "1/2-1/2"]
[WhiteElo "1230"]
[BlackElo "1667"]
[PlyCount "71"]
[EventDate "2005.11.08"]
[EventType "swiss"]
[EventRounds "8"]
[EventCountry "USA"]
[SourceTitle "EXT 2007"]
[Source "ChessBase"]
[SourceDate "2006.11.23"]
[SourceVersion "1"]
[SourceVersionDate "2006.11.23"]
[SourceQuality "1"]

1. e4 c5 2. Nf3 d6 3. d4 cxd4 4. Nxd4 Nc6 5. Nc3 Nf6 6. Bc4 e6 7. f3 Be7 8. Be3 a6 9. Qd2 0-0 10. 0-0-0 Nxd4 11. Bxd4 b5 12. Bb3 b4 13. Ne2 e5 14. Be3 a5 15. h4 Qc7 16. Ba4 Bd7 17. Bxd7 Nxd7 18. Kb1 Rfb8 19. Qd3 Nc5 20. Qc4 a4 21. c3 Qb7 22. cxb4 Qxb4 23. Qxb4 Rxb4 24. Bxc5 dxc5 25. Nc3 Rd4 26. h5 h6 27. Nd5 Bg5 28. Kc2 Rb8 29. Rhe1 Kf8 30. Re2 Rxb2+ 31. Kxb2 Rxd1 32. Ka3 Rd4 33. Rc2 Be7 34. Nxe7 Kxe7 35. Rxc5 f6 36. Rc2 1/2-1/2

[Event "San Francisco Capps Memorial"]
[Site "San Francisco"]
[Date "2005.11.05"]
[Round "3"]
[White "Livschitz, Jennifer"]
[Black "Luke, Gary"]
[Result "0-1"]
[WhiteElo "1230"]
[BlackElo "1831"]
[PlyCount "74"]
[EventDate "2005.11.05"]
[EventType "swiss"]
[EventRounds "6"]
[EventCountry "USA"]
[SourceTitle "EXT 2007"]
[Source "ChessBase"]
[SourceDate "2006.11.23"]
[SourceVersion "1"]
[SourceVersionDate "2006.11.23"]
[SourceQuality "1"]

1. e4 c6 2. d4 d5 3. exd5 cxd5 4. c4 dxc4 5. Nc3 Nc6 6. Nf3 Bg4 7. Be3 e6 8. Bxc4 Nf6 9. h3 Bh5 10. 0-0 Be7 11. d5 exd5 12. Nxd5 Nxd5 13. Bxd5 Qd7 14. Qb3 0-0 15. Rad1 Qc7 16. Rc1 Bxf3 17. Bxf3 Bf6 18. Bxc6 bxc6 19. Rfd1 Rfb8 20. Qa4 Rxb2 21. Rxc6 Qb7 22. Rdc1 Rb1 23. Qc2 Rxc1+ 24. Bxc1 Re8 25. Be3 a5 26. a4 Qb4 27. Rc4 Qe1+ 28. Kh2 Be5+ 29. g3 g6 30. Kg2 Re6 31. Kh2 h5 32. h4 Rf6 33. Kg2 Rf5 34. Rc8+ Kg7 35. Rc4 Bxg3 36. Kxg3 Qg1+ 37. Kh3 Rf3# 0-1

[Event "San Francisco Summer TNM"]
[Site "San Francisco"]
[Date "2005.06.28"]
[Round "3"]
[White "Livschitz, Jennifer"]
[Black "Kastor, Mark"]
[Result "0-1"]
[WhiteElo "1064"]
[BlackElo "1656"]
[PlyCount "62"]
[EventDate "2005.06.14"]
[EventType "swiss"]
[EventRounds "8"]
[EventCountry "USA"]
[SourceTitle "EXT 2007"]
[Source "ChessBase"]
[SourceDate "2006.11.23"]
[SourceVersion "1"]
[SourceVersionDate "2006.11.23"]
[SourceQuality "1"]

1. e4 e5 2. Nf3 Nc6 3. Bc4 Bc5 4. c3 d6 5. d4 exd4 6. cxd4 Bb6 7. Nc3 Bg4 8. h3 Bh5 9. d5 Ne5 10. Be2 h6 11. Nxe5 Bxe2 12. Qxe2 dxe5 13. 0-0 Nf6 14. Be3 Bxe3 15. Qxe3 0-0 16. Rad1 a6 17. f4 Qd6 18. fxe5 Qxe5 19. Qf4 Qxf4 20. Rxf4 Rfe8 21. Re1 Re5 22. Rf5 Rae8 23. Rxe5 Rxe5 24. Kf2 Kf8 25. Ke3 Ke7 26. Kd4 Kd6 27. a3 Nd7 28. b4 Rg5 29. Re2 Ne5 30. a4 Rg3 31. b5 Rd3# 0-1